Women and elective office (Record no. 7381)
[ view plain ]
| 000 -LEADER | |
|---|---|
| fixed length control field | 02871nam a2200385 a 4500 |
| 001 - CONTROL NUMBER | |
| control field | ebr10271514 |
| 003 - CONTROL NUMBER IDENTIFIER | |
| control field | CaPaEBR |
| 006 - FIXED-LENGTH DATA ELEMENTS--ADDITIONAL MATERIAL CHARACTERISTICS--GENERAL INFORMATION | |
| fixed length control field | m u |
| 007 - PHYSICAL DESCRIPTION FIXED FIELD--GENERAL INFORMATION | |
| fixed length control field | cr cn||||||||| |
| 008 - FIXED-LENGTH DATA ELEMENTS--GENERAL INFORMATION | |
| fixed length control field | 041116s2005 nyua s 000 0 eng |
| 010 ## - LIBRARY OF CONGRESS CONTROL NUMBER | |
| Canceled/invalid LC control number | 2004027124 |
| 020 ## - INTERNATIONAL STANDARD BOOK NUMBER | |
| Cancelled/invalid ISBN | 0195180828 (10-digit cloth) |
| Cancelled/invalid ISBN | 9780195180824 (13-digit cloth) |
| Cancelled/invalid ISBN | 0195180836 (10-digit paper) |
| Cancelled/invalid ISBN | 9780195180831 (13-digit paper) |
| 040 ## - CATALOGING SOURCE | |
| Original cataloging agency | CaPaEBR |
| Transcribing agency | CaPaEBR |
| 035 ## - SYSTEM CONTROL NUMBER | |
| System control number | (OCoLC)65178159 |
| 043 ## - GEOGRAPHIC AREA CODE | |
| Geographic area code | n-us--- |
| 050 14 - LIBRARY OF CONGRESS CALL NUMBER | |
| Classification number | HQ1391.U5 |
| Item number | W63 2005eb |
| 082 04 - DEWEY DECIMAL CLASSIFICATION NUMBER | |
| Classification number | 320/.082 |
| Edition number | 22 |
| 245 00 - TITLE STATEMENT | |
| Title | Women and elective office |
| Medium | [electronic resource] : |
| Remainder of title | past, present, and future / |
| Statement of responsibility, etc | edited by Sue Thomas and Clyde Wilcox. |
| 250 ## - EDITION STATEMENT | |
| Edition statement | 2nd ed. |
| 260 ## - PUBLICATION, DISTRIBUTION, ETC. (IMPRINT) | |
| Place of publication, distribution, etc | New York : |
| Name of publisher, distributor, etc | Oxford University Press, |
| Date of publication, distribution, etc | 2005. |
| 300 ## - PHYSICAL DESCRIPTION | |
| Extent | xv, 322 p. : |
| Other physical details | ill. |
| 505 0# - FORMATTED CONTENTS NOTE | |
| Formatted contents note | Introduction : women and difference / Sue Thomas -- Campaign financing / Barbara Burrell -- How the public views women candidates / Kathleen Dolan -- Women candidates for Congress / Heather Ondercin and Susan Welch -- Different portraits, different leaders? : gender differences in U.S. senators' presentation of self / Kim L. Fridkin and Gina Serignese Woodall -- Do women and men state legislators differ? / Michael J. Epstein, Richard G. Niemi, and Lynda W. Powell -- Women and Congress : do they act as advocates for women's issues? / Michele L. Swers and Carin Larson -- Women and Congress : behind the scenes / Debra Dodson -- Indelible effects : the impact of women of color in the U.S. Congress / Lisa Garcia Bedolla, Katherine Tate, and Janelle Wong -- Change and continuity in the geography of women state legislators / Barbara Norrander and Clyde Wilcox -- Women leading legislatures : getting there and getting things done / Cindy Simon Rosenthal -- In a different voice : women and the policy process / Lyn Kathlene -- Institutional gendering : theoretical insights into the environment of women officeholders / Georgia Duerst-Lahti -- Women as political leaders worldwide : cultural barriers and opportunites / Pippa Norris & Ronald Inglehart -- Prospects for cracking the political glass ceiling : the future of women officeholders in the twenty-first century / Jean Schroedel & Marcia Godwin. |
| 533 ## - REPRODUCTION NOTE | |
| Type of reproduction | Electronic reproduction. |
| Place of reproduction | Palo Alto, Calif. : |
| Agency responsible for reproduction | ebrary, |
| Date of reproduction | 2013. |
| Note about reproduction | Available via World Wide Web. |
| -- | Access may be limited to ebrary affiliated libraries. |
| 650 #0 - SUBJECT ADDED ENTRY--TOPICAL TERM | |
| Topical term or geographic name as entry element | Women in public life |
| Geographic subdivision | United States. |
| Topical term or geographic name as entry element | Women |
| General subdivision | Political activity |
| Geographic subdivision | United States. |
| Topical term or geographic name as entry element | Women political candidates |
| Geographic subdivision | United States. |
| 655 #7 - INDEX TERM--GENRE/FORM | |
| Genre/form data or focus term | Electronic books. |
| Source of term | local |
| 700 1# - ADDED ENTRY--PERSONAL NAME | |
| Personal name | Thomas, Sue, |
| Dates associated with a name | 1957- |
| Personal name | Wilcox, Clyde, |
| Dates associated with a name | 1953- |
| 710 2# - ADDED ENTRY--CORPORATE NAME | |
| Corporate name or jurisdiction name as entry element | ebrary, Inc. |
| 856 40 - ELECTRONIC LOCATION AND ACCESS | |
| Uniform Resource Identifier | <a href="http://site.ebrary.com/lib/rucke/Doc?id=10271514">http://site.ebrary.com/lib/rucke/Doc?id=10271514</a> |
| Public note | An electronic book accessible through the World Wide Web; click to view |
No items available.
